Manažment 50 myšlienok, ktoré by ste mali poznať

Salvato in:
Dettagli Bibliografici
Autore principale: Russell-Walling, Edward
Natura: Libro
Lingua:slovacco
Pubblicazione: Bratislava Slovart 2012
Soggetti:
Tags: Aggiungi Tag
Nessun Tag, puoi essere il primo ad aggiungerne!!

MARC

LEADER 00000nam a2200000 4500
001 0158553
005 20240314094402.2
020 |a 978-80-556-0419-0 
041 0 |a slo 
044 |a SK 
245 1 0 |a Manažment  |b 50 myšlienok, ktoré by ste mali poznať  |c Edward Russell-Walling 
264 1 |a Bratislava  |b Slovart  |c 2012 
300 |a 208 s. 
610 2 0 |a manažment 
610 2 0 |a benchmarking 
610 2 0 |a podnikanie 
610 2 0 |a vodcovstvo 
610 2 0 |a stratégia podniková 
610 2 0 |a zodpovednosť podniku spoločenská 
610 2 0 |a globalizácia 
610 2 0 |a ekonomika vedomostná 
610 2 0 |a značky kvality 
610 2 0 |a segmentácia trhu 
100 1 |a Russell-Walling, Edward